000 00745nam a2200217 a 4500
001 000039019
005 20240412074259.0
008 130513d2012 dr 001 p spa d
020 _a9789945475500
040 _aDO-SdBNP
_bspa
_cBNPHU
082 _aRD861.508
_bA634t
245 0 0 _aAntología del taller literario :
_bTriple Llama /
_cLeoni Disla ...[et al.].
260 _aSanto Domingo :
_bEdiciones Rumbo Norte,
_c2012.
300 _a123 p. ;
_c22 cm.
590 _aInventariado, 2019 / DG
650 4 _aPoesía dominicana
_xColecciones
_9351
650 0 _aLiteratura dominicana.
_967
700 1 _aDisla, Leoni
_965265
710 1 2 _aTaller Literario Triple Llama (República Dominicana)
_965266
910 _aValidado. Control de calidad EMS
999 _c38509
_d38509